| 000 | 00446nam a2200193Ia 4500 | ||
|---|---|---|---|
| 008 | 210210b1919 xxu||||| |||| 00| 0 eng d | ||
| 041 | _aeng | ||
| 082 | _a884/56 | ||
| 100 | _aTILAKA SHIROMANI | ||
| 245 | _aValmiki rAmAyana VI: yuddha kAnDa | ||
| 260 |
_aBombay _b- _c1919 |
||
| 650 | _ayuddha | ||
| 650 | _aVI: | ||
| 650 | _aValmiki | ||
| 650 | _arAmAyana | ||
| 650 | _akAnDa | ||
| 690 | _aSanskrit Purana & Smrithi | ||
| 906 | _a024464 | ||
| 999 |
_c149954 _d149954 |
||